Responses for Show #9197 - Tuesday, November 5, 2024

Greg Jolin game 4.

Contestants

[<< previous game]

Chuck Rea, a director of software engineering originally from Pittsburgh, Pennsylvania

Priscilla Gruenewald, a retired writer and editor from Nipomo, California

Greg Jolin, a system specialist and accountant from Raymond, New Hampshire (whose 3-day cash winnings total $75,002)

[next game >>]

Jeopardy! Round responses

A NIGHT AT THE THEATER
HYPHENATED WORDS
CANONIZED SHOTS
PLAYING GAMES
SCIENCE
THE LAWYERS' NOTES ON MY NEW MEMOIR
(Ken: Do not look for it at your local bookstore.)
    $200 24
Mary Todd Lincoln

Greg
    $200 28
anti-theft

Chuck!
    $200 30
St. George

Greg
    $200 19
Clue

Greg
    $200 5
density

Priscilla
    $200 29
Cleveland

Chuck!
    $400 14
Stephen Sondheim

Chuck!
    $400 4
know-it-all

Priscilla
    $400 7
St. Francis of Assisi

Greg
    $400 1
1,000

Chuck!
    $400 17
(Ken: The guy was always at the office, I guess.)

(Charles) Richter

Triple Stumper
    $400 11
Red Delicious

Greg
    $600 2
Arthur Miller

Chuck!
    $600 10
three-dimensional

Greg
    $600 20
Becket

Greg
    $600 8
Sonic the Hedgehog

Greg
    $600 16
Jupiter

Greg
    $600 6
Northwestern

Greg
    $800 3
Cruella de Vil

Greg
    $800 13
a walk-on

Greg
    $800 21
(Chuck!: Who is Joan of Arc?)

Lourdes

Chuck!
Triple Stumper
    $800 9
(Priscilla: What is Monopoly?)

Life

GregPriscilla
    $3,000 25
(Ken: Synthesized at Berkeley, and you are correct.)

californium

Greg
    $800 22
Big Bend

Chuck!
    $1000 15
Hair

Priscilla
    $1000 18
front-runner

Chuck!
    $1000 27
Father Damien

Triple Stumper
    $1000 12
(Greg: What is Apples to Apples?)

Bananagrams

Greg
Triple Stumper
    $1000 26
arthropod

Greg
    $1000 23
(Ken: That's a much longer way to say [*].)

Eli Lilly

Triple Stumper

Scores at the first commercial break (after clue 15):

Greg Priscilla Chuck!
$4,000 $800 $1,400

Scores at the end of the Jeopardy! Round:

Greg Priscilla Chuck!
$9,800 $800 $2,800

Double Jeopardy! Round responses

MARY, QUEEN OF SCOTS
A TAXING CATEGORY
SHORT MOVIE TITLES
ESSAYS
ANIMALS ON THE MAP
"OON" DOGGLE
    $400 26
(Ken: Correct, with less than a minute.)

the Stuarts

Chuck!
    $400 25
progressive

Greg
    $400 21
Her

Chuck!
    $400 3
George Clooney

Greg
    $400 18
the Snake

Greg
    $400 16
lampoon

Priscilla
    $800 27
(Chuck!: What is a cameo?)

a locket

GregChuck!
    $800 12
(Greg: What is income tax?)
...
(Ken: That specific part of income tax is called [*].)

withholding

Greg
Triple Stumper
    $800 4
Elf

Greg
    $800 1
dumpster diving

Priscilla
    $10,000 11
Buffalo

Greg
    $800 8
boondocks

Priscilla
    $1200 28
James I

Greg
    $1200 14
(Ken: Those are [*] taxes.)

excise

Triple Stumper
    $1200 5
Up

Chuck!
    $1200 2
Amy Tan

Priscilla
    $1200 15
(Priscilla: What is Bear Lake?)
(Chuck!: What is Mammoth Lake?)

Big Bear

PriscillaChuck!
Triple Stumper
    $1200 13
Saskatoon

Priscilla
    $1600 29
(Ken: Yeah, that was nice of her.)
[The end-of-round signal sounds.]
(Ken: And we won't have time to finish off MARY, QUEEN OF SCOTS the way the [*] did.)

an executioner

Greg
    $1,000 20
Social Security

Chuck!
    $1600 6
IF

Greg
    $1600 9
Sedaris

Priscilla
    $1600 23
Manatee

Chuck!
    $1600 17
(Priscilla: What is a poltroon?)

a dragoon

Priscilla
Triple Stumper
    $2000 22
ad valorem

Greg
    $2000 7
Ran

Greg
    $2000 10
(Zora Neale) Hurston

Greg
    $2000 24
(Greg: What is Kodiak?)

Whitehorse

GregPriscilla
    $2000 19
pantaloons

Chuck!

Scores at the end of the Double Jeopardy! Round:

Greg Priscilla Chuck!
$30,200 $6,000 $7,400
(lock game)

[wagering suggestions for these scores]

Final Jeopardy! Round responses

PHRASE ORIGINS
PriscillaWhat is the Dust Bowl?
$2,000
Chuck!What is the Dust Bowl? Hi Jake & Charlie!! ♡
$2,600
GregWhat is the Dust Bowl
$5,200
the Dust Bowl

Final scores:

Greg Priscilla Chuck!
$35,400 $8,000 $10,000
4-day champion: $110,402 3rd place: $2,000 2nd place: $3,000

Game dynamics:

Coryat scores:

Greg Priscilla Chuck!
$18,800 $6,000 $8,000
27 R
(including 2 DDs),
3 W
10 R,
3 W
13 R
(including 1 DD),
3 W

Combined Coryat: $32,800

[game clues] [game scores] [suggest correction]

Game tape date: 2024-09-23
The J! Archive is created by fans, for fans. Scraping, republication, monetization, and malicious use prohibited; this site may use cookies and collect identifying information. See terms. The Jeopardy! game show and all elements thereof, including but not limited to copyright and trademark thereto, are the property of Jeopardy Productions, Inc. and are protected under law. This website is not affiliated with, sponsored by, or operated by Jeopardy Productions, Inc. Join the discussion at JBoard.tv.